Jaalur rakaththil

Saved in:
Bibliographic Details
Main Author: Kathi vaanan
Format: Book
Published: Thesiya ilaignar sevai mandram 1999
Tags: Add Tag
No Tags, Be the first to tag this record!

MARC

LEADER 00000nam a2200000 a 4500
020 |a 9789556140132 
100 |a Kathi vaanan 
245 |a Jaalur rakaththil 
260 |b Thesiya ilaignar sevai mandram  |c 1999 
300 |a 100p. ; 21cm. 
942 |c AFW 
999 |c 124435  |d 124435